War and Peace. V.1 /

Guardado en:
Detalles Bibliográficos
Autor principal: Tolstoy, Leo Nikolayevich, (1828-1910)
Otros Autores: Maude, Louise (translated.), Maude, Aylmer (translated.)
Formato: Libro
Lenguaje:English
Russian
Publicado: London : David Campbell, 1992.
Materias:
Etiquetas: Agregar Etiqueta
Sin Etiquetas, Sea el primero en etiquetar este registro!
Thư viện lưu trữ: Mạng thư viện Đại học Đà Nẵng
LEADER 01154cam a2200409 i 4500
001 000047198
003 6779
005 20030409161805.0
008 010310|1992 vm 000 eng
020 |a 1857150961 
022 |a T 
040 |a IRC  |c IRC  |d IRC 
041 1 |a eng  |h rus 
082 1 4 |a 891.73  |b TO-L 
100 1 |a Tolstoy, Leo Nikolayevich,  |d (1828-1910) 
245 0 0 |a War and Peace.  |n V.1 /  |c Leo Tolstoy ; Translated from the Russian by Louise and Aylmer Maude. 
260 |a London :  |b David Campbell,  |c 1992. 
300 |a 537p. ;  |c 20.5cm. 
600 1 5 |a Tolstoy, Leo Nikolayevich,  |d 1828-1910. 
630 0 4 |a Russian literature. 
630 0 4 |a Napoleonic wars. 
630 0 4 |a Leo Tolstoy. 
630 0 4 |a War and Peace. 
650 0 4 |a Literature, Russian. 
650 0 4 |a Tolstoy, Leo Nikolayevich,  |d 1828-1910. 
700 1 |a Maude, Louise,  |e translated. 
700 1 |a Maude, Aylmer,  |e translated. 
OWN |a DUT 
999 |a From the UDN01 
TYP |a Monograph 
TYP |a Printed language 
980 |a Mạng thư viện Đại học Đà Nẵng